|
|
|
|
| LEADER |
00000nab a2200000 a 4500 |
| 001 |
vtls000907785 |
| 003 |
SK-MaSNL |
| 005 |
20260302172504.0 |
| 008 |
040720e20011212xo 0 slo |
| 035 |
|
|
|a KE16721
|
| 040 |
|
|
|a KEVKJB
|b slo
|c KEVKJB
|e AACR2
|
| 041 |
0 |
|
|a slo
|
| 044 |
|
|
|a xo
|c SK
|
| 080 |
|
|
|a 796.342
|2 1981
|
| 100 |
1 |
|
|a Škopár, Dušan
|4 aut
|9 878513
|
| 245 |
1 |
0 |
|a Za také prachy sa dali urobiť aj dva challengre
|b S tenisovým fanatikom a bývalým československým reprezentantom vo vodáctve Danielom Leysekom o nemilej situácii...
|
| 300 |
|
|
|b 1 obr.
|
| 650 |
0 |
7 |
|a tenis
|2 KEVKJB
|9 3293
|
| 650 |
0 |
7 |
|a situácia súčasná
|2 KEVKJB
|9 878432
|
| 650 |
0 |
7 |
|a rozhovory
|2 KEVKJB
|9 453585
|
| 651 |
|
7 |
|a Košice (Slovensko)
|2 KEVKJB
|9 18694
|
| 651 |
|
7 |
|a KE,
|2 KEVKJB
|9 877256
|
| 655 |
|
7 |
|a periodikum
|2 snkbucl
|9 29553
|
| 773 |
0 |
8 |
|t Košický večer
|g Roč. 12
|g Roč. 33, č.240, 12.12.2001, s. 15
|
| 852 |
|
|
|a ZVYKNI
|b KIS3GCP
|
| 999 |
|
|
|c 1398935
|d 1400865
|